000 00484nam a2200169Ia 4500
008 230718s9999 xx 000 0 und d
020 _a9789380658599
041 _aeng
082 _a629.234
_bCHA
100 _aChacko P.
_9115961
245 _aSmall Wonder
_bThe Making Of The Nano
260 _c2010
_bWestland Ltd.
300 _a149
365 _cRs.
_b295.00
700 _aChacko P.; Noronha C. & Agrawal S.
_9191841
906 _dO:0155715-Feb-2011B:704403-Feb-2011
_cCOMP
_b73.75
999 _c327253
_d327253